| 000 | 00984nam a2200241Ia 4500 | ||
|---|---|---|---|
| 999 |
_c38633 _d38633 |
||
| 001 | 4824 | ||
| 003 | GE_BSU | ||
| 005 | 20190809135324.0 | ||
| 008 | 181216s2009||||ge |||||||||||||| ||geo|| | ||
| 020 | _a9789941907395 | ||
| 040 | _cGE_BSU | ||
| 041 | _ageo | ||
| 080 | _a94(4)"19'' ო-65 | ||
| 100 |
_aოურჟედნიკი, პატრიკ _93477 |
||
| 245 |
_aევროპეანა მეოცე საუკუნის მოკლე ისტორია = Europeana / _cპატრიკ ოურჟედნიკი ; რედ. ანა ხუროშვილი. |
||
| 264 |
_aთბილისი : _bპეგასი ; _c2009. |
||
| 300 |
_a295 გვ. ; _c17 სმ. |
||
| 541 | _h12ლ. | ||
| 653 | _aევროპეანა | ||
| 653 | _aმეოცე საუკუნის მოკლე ისტორია | ||
| 700 |
_aხუროშვილი, ანა _eრედაქტორი _93478 |
||
| 942 |
_cBK _2udc |
||